Scannery Přehled dostupných typů, hardware a software pro scannery, používané grafické formáty

Salvato in:
Dettagli Bibliografici
Autore principale: Hyan, Jaroslav Tomáš
Natura: Libro
Lingua:ceco
Pubblicazione: Praha Grada 1993
Edizione:1. vyd.
Soggetti:
Tags: Aggiungi Tag
Nessun Tag, puoi essere il primo ad aggiungerne!!

MARC

LEADER 00000nam a2200000 4500
001 c005684
005 20221206075015.1
020 |a 80-7169-000-7 
041 0 |a cze 
044 |a CZ 
245 1 0 |a Scannery  |b Přehled dostupných typů, hardware a software pro scannery, používané grafické formáty  |c Jaroslav Tomáš Hyan 
250 |a 1. vyd. 
264 1 |a Praha  |b Grada  |c 1993 
300 |a 384 s.  |e obr. príl. 
610 2 0 |a programy počítačové 
610 2 0 |a snímače 
610 2 0 |a počítače 
610 2 0 |a využitie počítačov 
100 1 |a Hyan, Jaroslav Tomáš